| 000 | 00546nam a22001937a 4500 | ||
|---|---|---|---|
| 005 | 20260624153048.0 | ||
| 008 | 260618b |||||||| |||| 00| 0 eng d | ||
| 020 |
_a9780691044590 _qhb |
||
| 020 |
_a0691044597 _qhb |
||
| 082 |
_a629.411 _bBON |
||
| 100 | _aBond, Victor R. | ||
| 245 | _aModern astrodynamics : fundamentals and perturbation methods | ||
| 250 | _ac. 1996 | ||
| 260 |
_aNew Jersey _bPrinceton University Press _c1996 |
||
| 300 | _axi, 250p. ; 24cm. | ||
| 653 | _aAstrodynamics | ||
| 700 | _aAllman, Mark C. | ||
| 942 |
_2ddc _cBK |
||
| 999 |
_c57257 _d57257 |
||